000 01768nam a2200337 i 4500
001 190599
003 ES-MaACL
005 20251122151511.0
008 220112s2018 sp a 001 mbspa
020 _a978-84-414-3778-4
080 _a821.134.2-82"19"
100 1 _aHernández, Miguel,
_d1910-1942
_962844
245 1 3 _aLa obra completa :
_bpoesía, teatro, cuentos y crónicas /
_cMiguel Hernández ; edición de Jesucristo Riquelme, con la colaboración de Carlos R. Talamás.
246 3 4 _aLa obra completa de Miguel Hernández
250 _a1ª ed., 1ª reimp., rev.
260 _aMadrid :
_bEdaf,
_c2018.
300 _a1899 p. :
_bil., fot. ;
_c23 cm.
490 1 _aObras inmortales
500 _aÍndices.
504 _aBibliografía: p. 174-186.
505 8 _aContiene: Semblanza de Miguel Hernández ; Trayectoria de Miguel Hernández / Jesucristo Riquelme . Poesía ; Teatro ; Prosas literarias, crónicas periodísticas ; Cuentos . Apéndices: Poemas tachados, incompletos y apócrifos ; Fragmentos teatrales ; Prosa fragmentada: "La tragedia de Calisto" ; Biografías de toreros ; Apotegmas y aforismos ; Reflexiones y pensamientos dispersos y en borrador ; Entrevista . Anotaciones críticas y comentarios
594 _aEn verso de anteport.: 75 aniversario de la muerte de Miguel Hernández
600 1 4 _aHernández, Miguel,
_d1910-1942-
_xBiografías
_962845
700 1 _aRiquelme, Jesucristo,
_d1956-
_9149038
700 1 _aTalamás, Carlos R.
_9174046
740 3 2 _aLa obra completa de Miguel Hernández.
830 1 _aObras inmortales
_9193504
852 4 _aES-MaACL
_jA-14861
_9 197777
_bR.152293
_cDEPO1
_dOlim: N-7861
_hDonación: Editorial
_xEncuadernación en cartone
942 _2udc
999 _c190599
_d190599